000 00968nam a2200277Ia 4500
008 130821s2000 mx gr spa
020 _a9701702727
040 _aCo-BoUCM
_bspa
041 0 0 _aspa
100 1 _aHirshleifer, Jack
245 1 0 _aMicroeconomía
_bteoría del precio y sus aplicaciones
_cJack Hirshleifer; David Hirshleifer; traducido por Guadalupe Meza Stainess
250 _a6a. ed
260 _aMéxico D.F. (México)
_bPrentice Hall Hispanoamericana
_c2000
300 _axvi, 608 páginas
504 _aIncluye índice
650 0 4 _aDemanda (Teoría económica)
650 0 4 _aEconomía política
_913709
650 0 4 _aMicroeconomía
_919488
650 0 4 _aOperación industrial
_920760
650 0 4 _aPrecios
_922165
700 _aHirshleifer, David
700 _aMeza Stainess, Guadalupe, Tra.D
765 0 0 _tPrice theory and applications
942 _cLIBRO
_a7
_e6
_mH669m
_2DEWEY
_h338.5
999 _c33035
_d33035